Guía de Extremadura, Baleares, Canarias y posesiones de Africa (Record no. 166980)

MARC details
000 -LEADER
campo de control de longitud fija 01089nam a2200241 i 4500
001 - NÚMERO DE CONTROL
campo de control 166980
003 - IDENTIFICADOR DE NÚMERO DE CONTROL
campo de control ES-MaACL
005 - FECHA Y HORA DE LA ÚLTIMA TRANSACCIÓN
campo de control 20250801210728.0
008 - DATOS DE LONGITUD FIJA--INFORMACIÓN GENERAL
campo de control de longitud fija 010103s1887 sp aef |||| | spa d
040 ## - FUENTE DE CATALOGACIÓN
Centro catalogador/agencia de origen CCPB | B
Lengua de catalogación spa
Centro/agencia transcriptor CCPB | B
100 1# - ENTRADA PRINCIPAL--NOMBRE DE PERSONA
Nombre de persona Valverde y Álvarez, Emilio,
Fechas asociadas al nombre 1848-1894
9 (RLIN) 133538
245 10 - MENCIÓN DEL TÍTULO
Título Guía de Extremadura, Baleares, Canarias y posesiones de Africa
Resto del título : provincias de Badajoz, Cáceres, Baleares y Canarias : guía de Portugal : viaje geográfico, artístico y pintoresco /
Mención de responsabilidad, etc. Emilio Valverde y Álvarez.
260 ## - PUBLICACIÓN, DISTRIBUCIÓN, ETC.
Lugar de publicación, distribución, etc. Madrid :
Nombre del editor, distribuidor, etc. [s.n.],
Fecha de publicación, distribución, etc. 1887 (
Fabricante imprenta de Fernando Cao y Domingo de Val)
300 ## - DESCRIPCIÓN FÍSICA
Extensión P. 749-1003, [6] h. de plan. pleg., [4] h. de grab. :
Otras características físicas il. ;
Dimensiones 19 cm.
490 1# - MENCIÓN DE SERIE
Mención de serie Guía práctico Valverde
651 #4 - PUNTO DE ACCESO ADICIONAL DE MATERIA--NOMBRE GEOGRÁFICO
Nombre geográfico Extremadura-
Subdivisión de forma Guías.
9 (RLIN) 137145
651 #4 - PUNTO DE ACCESO ADICIONAL DE MATERIA--NOMBRE GEOGRÁFICO
Nombre geográfico Islas Baleares-
Subdivisión de forma Guías.
9 (RLIN) 137232
651 #4 - PUNTO DE ACCESO ADICIONAL DE MATERIA--NOMBRE GEOGRÁFICO
Nombre geográfico Canarias-
Subdivisión de forma Guías turísticas.
9 (RLIN) 7948
651 #4 - PUNTO DE ACCESO ADICIONAL DE MATERIA--NOMBRE GEOGRÁFICO
Nombre geográfico Portugal-
Subdivisión de forma Guías.
9 (RLIN) 9247
830 00 - PUNTO DE ACCESO ADICIONAL DE SERIE-TÍTULO UNIFORME
Título uniforme Guía práctico Valverde
9 (RLIN) 188633
852 ## - LOCALIZACIÓN
Ubicación ES-MaACL
Número de control de estantería C-281
Nota libre -- Enc. hol. conservando la cub. original
Holdings
Estatus retirado Estado de pérdida Estado de daño No para préstamo Colección Biblioteca de origen Biblioteca actual Ubicación en estantería Fecha de adquisición Fuente de adquisición Total de préstamos Signatura topográfica completa Código de barras Visto por última vez Precio de reemplazo Tipo de ítem Koha
        Libros del s. XIX Biblioteca del Ateneo de Madrid Biblioteca del Ateneo de Madrid Sala Palomar 17/01/2008     C-281 1175158 23/02/2023 23/02/2023 Libro impreso antiguo